000 00753nam a22002057a 4500
999 _c16771
_d16771
003 AR-CdUCM
008 190506b ||||| |||| 00| 0 spa d
040 _aMUNICIPALIDAD PROVINCIAL DEL CUSCO
_cBIBLIOTECA MUNICIPAL DEL CUSCO
082 _23ed
_a904 /
_bG26
100 _aGarcia Venturini, Jorge L.
_936425
245 _aAnte el fin de la historia /
260 _aBuenos Aires :
_bTroquel,
_c1966
300 _a106 páginas ;
_c20 cm.
505 _aContenido: La aceleración de la historia -- Historia y teoría de la relatividad -- La periodización de la historia -- La nieva historia...
650 _aTotalitarismo
_96409
650 _aRelatividad
_920523
650 _aHistoria humana
_92129
942 _2ddc
_cLIBROS
945 _adavv
_d06/05/2019